|
|
|
|
| LEADER |
02462ndm 2200505 i 4500 |
| 001 |
mzk03001281564 |
| 005 |
20230606102650.0 |
| 008 |
230602s1667 xr cc|ff ||| lat d |
| 040 |
|
|
|a BOA001
|b cze
|e rda
|
| 041 |
0 |
|
|a lat
|a cze
|
| 043 |
|
|
|a e-xr---
|b e-xr-cc
|2 czenas
|
| 048 |
|
|
|a vn01
|
| 072 |
|
7 |
|a 783
|x Církevní hudba. Duchovní hudba. Náboženská hudba
|2 czenas
|9 [9]
|
| 080 |
|
|
|a 783.51
|2 MRF
|
| 080 |
|
|
|a (0:82-97)
|2 MRF
|
| 080 |
|
|
|a (035)2-282
|2 MRF
|
| 080 |
|
|
|a 78.087
|2 MRF
|
| 080 |
|
|
|a (0.032)78
|2 MRF
|
| 245 |
0 |
1 |
|a [Rituale Franciscanum]
|
| 264 |
|
0 |
|a [Červený Újezd - Hájek],
|c 1667
|
| 300 |
|
|
|a 1 nečíslovaný list, 43 listů, 1 nečíslovaný list ;
|c 15,5 x 8,5
|
| 336 |
|
|
|a zápis hudby
|b ntm
|2 rdacontent
|
| 337 |
|
|
|a bez média
|b n
|2 rdamedia
|
| 338 |
|
|
|a svazek
|b nc
|2 rdacarrier
|
| 382 |
|
|
|a zpěv
|n 1
|s 1
|
| 500 |
|
|
|a Listy původně nečíslované, moderní fotiace tužkou provedena při katalogizaci
|
| 500 |
|
|
|a Notace: chorální na čtyřlinkové a pětilinkové osnově
|
| 500 |
|
|
|a První a poslední list prázdný
|
| 500 |
|
|
|a List 43r: [...] 21. [Novembris - doplněno podle Dokoupila a Bara] 1667. Hagek [františkánský klášter v Hájku]
|
| 510 |
4 |
|
|a Dokoupil, V. - Bar, P. Soupis rukopisů dačických františkánů,
|c s. 131-132
|
| 546 |
|
|
|a Většina textu v latině, části v češtině
|
| 563 |
|
|
|a Lepenkové desky potažené částí dvousloupcového listu z latinského pergamenového liturgického rukopisu, patrně misálu ze 14. století, psaného texturou; na přední desce je část hymnu, který v 9. století složil Theodulf z Orleánsu: „Gloria laus et honor tibi sit, rex Christe redemptor, Cui puerile decus prompsit [h]osanna pium... “
|
| 650 |
|
7 |
|a gregoriánský chorál
|7 ph120616
|2 czenas
|
| 655 |
|
7 |
|a modlitby
|7 fd132841
|2 czenas
|
| 655 |
|
7 |
|a liturgické knihy
|7 fd914120
|2 czenas
|
| 655 |
|
7 |
|a hlasy
|7 fd186703
|2 czenas
|
| 655 |
|
7 |
|a hudební rukopisy
|7 fd278469
|2 czenas
|
| 710 |
2 |
|
|a Klášter františkánů (Dačice, Česko)
|7 ko2012680614
|4 own
|
| 856 |
4 |
1 |
|u http://www.digitalniknihovna.cz/mzk/view/uuid:a5febd85-5129-4fd7-b56a-93a3469207da
|y Digitalizovaný dokument
|
| 910 |
|
|
|a SVE951
|b D-0000.130
|
| 982 |
2 |
|
|a Klášter františkánů (Dačice, Česko)
|7 ko2012680614
|
| 985 |
|
|
|a 1651-1700
|
| 990 |
|
|
|a MU
|
| 991 |
|
|
|k dacice
|
| 996 |
6 |
|
|b 4584203180
|c D-0000.130
|l stud. ST
|r Sklad / do násl. otevíracího dne
|n 0
|w 001928064
|u 000010
|a 1
|e BOA001
|s P
|